Project Sponsorship (Record no. 1836)

MARC details
000 -LEADER
fixed length control field 00305nam a22001217a 4500
008 - FIXED-LENGTH DATA ELEMENTS--GENERAL INFORMATION
fixed length control field 241217b |||||||| |||| 00| 0 eng d
020 ## - INTERNATIONAL STANDARD BOOK NUMBER
ISBN 139780787981365
100 ## - MAIN ENTRY--AUTHOR
Author ENGLUND, Randall L.
245 ## - TITLE STATEMENT
Title Project Sponsorship
260 ## - PUBLICATION, DISTRIBUTION, ETC. (IMPRINT)
Place of publication San Francisco
Name of publisher Jossey Bass
Date of publication 2006
942 ## - ADDED ENTRY ELEMENTS (KOHA)
Item type Books
050 ## - LIBRARY OF CONGRESS CALL NUMBER
Classification number HD69
Item number .E53
Holdings
Source of classification or shelving scheme Not for loan Permanent location Current location Date acquired Accession No. Full call number Barcode. Koha item type
Library of Congress Classification   Samuel Ogbemudia Main Library, University of Abuja Samuel Ogbemudia Main Library, University of Abuja 12/17/2024 201140695 HD69.E53 2024-2826 Books